[Event "Titled Tuesday intern op 28th Mar Early"]
[Site "Chess.com INT"]
[Date "2023.03.28"]
[Round "11"]
[White "Boraso, Alessio"]
[Black "Sielecki, Christof"]
[Result "0-1"]
[WhiteElo "2316"]
[BlackElo "2422"]
[PlyCount "118"]
[EventDate "2023.03.28"]
[EventType "swiss (blitz)"]
[EventRounds "11"]
[EventCountry "USA"]
[SourceTitle "EXT 2024"]
[Source "ChessBase"]
[SourceDate "2023.10.10"]
[SourceVersion "1"]
[SourceVersionDate "2023.10.10"]
[SourceQuality "1"]

1. e4 c5 2. Nc3 a6 3. Nf3 b5 4. a4 b4 5. Ne2 Bb7 6. Ng3 e6 7. d4 Nf6 8. e5 Nd5 9. c3 bxc3 10. bxc3 Nxc3 11. Qb3 Bxf3 12. Qxc3 Bd5 13. dxc5 Nc6 14. Bd2 Qc7 15. f4 Rb8 16. Bd3 Nb4 17. Be4 Qxc5 18. Rb1 a5 19. Ke2 Qc4+ 20. Kf3 Qxc3+ 21. Bxc3 Bxe4+ 22. Nxe4 Rc8 23. Bxb4 Bxb4 24. Rhc1 Ke7 25. Ke2 f6 26. Kd3 Rhf8 27. Rc4 Rxc4 28. Kxc4 fxe5 29. fxe5 Rf4 30. Kd3 Rf5 31. Kd4 h5 32. Rb2 g5 33. h3 Rf4 34. Rf2 Bc5+ 35. Kxc5 Rxe4 36. Kb6 Rxe5 37. Rb2 d5 38. Kxa5 d4+ 39. Kb6 d3 40. Rd2 Rd5 41. a5 e5 42. a6 e4 43. a7 Rd8 44. Kb7 Ke6 45. Kc7 Ra8 46. Kb7 Rxa7+ 47. Kxa7 Kd5 48. g4 hxg4 49. hxg4 Kd4 50. Kb6 e3 51. Ra2 e2 52. Ra4+ Ke3 53. Ra6 d2 54. Kb7 d1Q 55. Re6+ Kf2 56. Rf6+ Kg2 57. Rb6 e1Q 58. Ka7 Qe3 59. Ka8 Qd8+ 0-1

[Event "Titled Tuesday intern op 28th Mar Early"]
[Site "Chess.com INT"]
[Date "2023.03.28"]
[Round "4"]
[White "Sielecki, Christof"]
[Black "Sjugirov, Sanan"]
[Result "0-1"]
[WhiteElo "2422"]
[BlackElo "2712"]
[PlyCount "48"]
[EventDate "2023.03.28"]
[EventType "swiss (blitz)"]
[EventRounds "11"]
[EventCountry "USA"]
[SourceTitle "EXT 2024"]
[Source "ChessBase"]
[SourceDate "2023.10.10"]
[SourceVersion "1"]
[SourceVersionDate "2023.10.10"]
[SourceQuality "1"]

1. e4 e5 2. Nf3 d6 3. d4 exd4 4. Nxd4 Nf6 5. Nc3 Be7 6. g3 0-0 7. Bg2 Re8 8. 0-0 Nbd7 9. h3 Bf8 10. Re1 Nc5 11. a4 c6 12. g4 a5 13. g5 Nfd7 14. Nf5 Ne5 15. f4 Ng6 16. Be3 d5 17. Ng3 d4 18. Qxd4 Qxd4 19. Bxd4 Nxf4 20. h4 Bg4 21. Be3 Ng6 22. h5 Ne5 23. b3 Ne6 24. Kf2 Bb4 0-1

[Event "Titled Tuesday intern op 21st Mar Late"]
[Site "Chess.com INT"]
[Date "2023.03.21"]
[Round "6"]
[White "Sielecki, Christof"]
[Black "Baches Garcia, Guillermo"]
[Result "1-0"]
[WhiteElo "2422"]
[BlackElo "2335"]
[PlyCount "57"]
[EventDate "2023.03.21"]
[EventType "swiss (blitz)"]
[EventRounds "11"]
[EventCountry "USA"]
[SourceTitle "EXT 2024"]
[Source "ChessBase"]
[SourceDate "2023.10.10"]
[SourceVersion "1"]
[SourceVersionDate "2023.10.10"]
[SourceQuality "1"]

1. e4 d5 2. exd5 Qxd5 3. Nc3 Qa5 4. d4 c6 5. Nf3 Nf6 6. Bc4 Bf5 7. Ne5 e6 8. g4 Bg6 9. h4 Be4 10. 0-0 Bd5 11. g5 Nfd7 12. Bxd5 cxd5 13. Nxf7 Kxf7 14. Qf3+ Kg8 15. Qg4 Qb6 16. Re1 Kf7 17. Nxd5 exd5 18. Qf5+ Nf6 19. gxf6 gxf6 20. Qxd5+ Kg7 21. Kh1 Bd6 22. Rg1+ Kf8 23. Bh6+ Ke8 24. Rae1+ Kd8 25. Re6 Kc7 26. Rxd6 Qxd6 27. Bf4 Qxf4 28. Rg7+ Kb6 29. Rxb7+ 1-0